000 00279nam a22001337a 4500
008 170728b xxu||||| |||| 00| 0 eng d
020 _a007050783X
041 _aeng
080 _a004
100 _a32
101 _aSHKI
245 _aSPFTWARE
_cPRESSMAN, R.S
942 _2udc
_cBK
999 _c22148
_d22148